000 00461nam a2200157Ia 4500
999 _c18921
_d18921
003 OSt
005 20200611110847.0
008 190216s9999||||xx |||||||||||||| ||und||
040 _coclc
082 _a294.514
_bVAR/A
100 _aVaradachari, K C
_92777
245 0 _aAlvars Of South India /
_cK C Varadachari
260 _bBharatiya Vidya Bhavan,
_c1970.
_aBombay:
300 _a200p
942 _cBK
_2ddc
_h294.514
_iVAR/A
_k294.514
_mVAR/A